| 000 | 01165nam a2200217 a 4500 | ||
|---|---|---|---|
| 001 | BRCA_8643 | ||
| 005 | 20190320210344.0 | ||
| 008 | 280916s1685----sp-#######---#000-0#spa-# | ||
| 041 | _aspa | ||
| 044 | _asp | ||
| 084 |
_aBE36 _b.I85 1685 |
||
| 100 | 1 |
_aIsidro de León, _cFray _921572 |
|
| 245 | 1 | 0 |
_aMistico cielo, en que se gozan los bienes del alma y vida de la verdad _badornado de tres gerarquias, y en caca una tres ordenes, que hacen nueve coros de espiritus viadores en el destierro ; a semejanza del cielo beatifico, y glorioso, que se adorna de tres gerarquias, y en cada una tres ordenes que hacen nueve coros d espiritus comprehensores en la patria _ccompuesto por el P. Fr. Isidro de Leon, Religioso Capuchino de la Orden de los Menores de N. S. P. S. Francisco de la Prov.a de Castilla. |
| 260 |
_aMadrid _bRoque Rico de Miranda _c1685 |
||
| 300 |
_a431-666, [70] p. (t.3) _c20 x 14 cm. |
||
| 500 | _aEstado físico : encuadernación muy deteriorada, lomo por desprenderse, cintas rotas, hojas débiles y algunas rotas | ||
| 650 | 1 | 4 |
_aMisticismo _xIglesia católica _921573 |
| 650 | 1 | 4 |
_aTeología doctrinal _921574 |
| 902 | _aCFM | ||
| 942 |
_2lcc _cB |
||
| 999 |
_c8303 _d8303 |
||